| 000 | 01214cab a22002295a 4500 | ||
|---|---|---|---|
| 001 | L157321 | ||
| 008 | 121017e2012 xxk 000 0 eng d | ||
| 035 | _a(Sirsi) u157321 | ||
| 041 | 0 | _aeng | |
| 100 | 1 | _aEade, Christine | |
| 245 | 0 | 0 |
_aMarkets _bBristol, Bath and Somerset |
| 260 | _c2012 | ||
| 490 | 0 |
_aProperty Week _v78(41) 12 October 2012, 45-54(5) |
|
| 520 | _aCovers recent activity in the regional commercial property market: Bristol agents are campaigning to convince Bristol City Council that converting a disused warehouse into council offices is impractical and expensive; law firms leasing space in new Bristol office developments have helped to ameliorate the city's disastrous take-up figures for 2012; North Somerset Council wants residential development alongside offices for former RAF sites in their planning area; Dolphin Square shopping centre in Weston-Super-Mare is about to be demolished; and John Lewis is poised to take over the Podium shopping centre in Bath for a Waitrose Food and Home store. | ||
| 590 | _aKA | ||
| 651 | 4 | _aBristol | |
| 651 | 4 | _aBath | |
| 651 | 4 | _aSomerset | |
| 690 |
_aCommercial property _96227 |
||
| 690 |
_aResidential property _96266 |
||
| 942 | _n0 | ||
| 999 |
_c84331 _d84331 |
||